| 000 | 00645ngm a22002650a 4500 | ||
|---|---|---|---|
| 001 | PT36176 | ||
| 003 | AR-LpoUNG | ||
| 005 | 20210202000500.0 | ||
| 007 | vd cvaizq | ||
| 008 | 191001s2007||||xxu|||||||||||||||||eng d | ||
| 037 | _c$65.25 | ||
| 040 |
_aAR-LpoUNG _bspa _cAR-LpoUNG _eaacr |
||
| 041 | _aeng | ||
| 044 | _axxu | ||
| 082 | 0 | _a786.9 468sec | |
| 100 | 1 | _aMayer, Jojo | |
| 245 | 1 | 0 |
_aSecret weapons for the modern drummer : _ba guide tu hand technique |
| 260 |
_as.l. : _bHudson Music, _c2007. |
||
| 300 | _a2 DVD | ||
| 653 | _aCLINICAS DE BATERIA | ||
| 653 | _aMUSICA | ||
| 653 | _aVIDEOS | ||
| 905 | _a36176 | ||
| 942 | _cDVD | ||
| 999 |
_c54936 _d54936 |
||